Language Quiz

Random Language Quiz

Around the House (Lithuanian) Quiz Stats

 Plays Quiz not verified by Sporcle

Challenge
Share
Tweet
Embed
Score 0/44 Timer 10:00
0 Plays Today
English Lithuanian % Correct
doordurys
90%
roomkambarys
83.3%
wallsiena
83.3%
windowlangas
83.3%
balconybalkonas
83.3%
soapmuilas
83.3%
toilettualetas
80%
kitchenvirtuvė
76.7%
bathroom/bathvonia
73.3%
mirrorveidrodis
73.3%
floorgrindys
63.3%
apartmentbutas
60%
candležvakė
57.1%
faucetkranas
56.7%
sinkkriauklė
56.7%
knifepeilis
56.7%
sauce/frying pankeptuvė
56.7%
paintingpaveikslas
56.7%
rugkilimėlis
53.3%
showerdušas
53.3%
spongekempinė
53.3%
potpuodas
53.3%
English Lithuanian % Correct
spoonšaukštas
53.3%
living roomsvetainė
53.3%
scissorsžirklės
53.3%
shelflentyna
50%
towelrankšluostis
50%
forkšakutė
50%
glassstiklinė
50%
platelėkštė
50%
children's roomvaikų kambarys
46.7%
wine glassvyno taurė
46.7%
toothpastedantų pasta
43.3%
shot glasstaurelė
43.3%
wallpapertapetai
43.3%
shower curtaindušo užuolaida
40%
toothbrushdantų šepetėlis
40%
ceilinglubos
36.7%
toilet papertualetinis popierius
36.7%
flashlightžibintuvėlis
35.7%
storage roomsandėliukas
33.3%
dessert spoonšaukštelis
30%
vacuum cleanerdulkių siurblys
26.7%
detergentskalbimo priemonė
10%

You're not logged in!

Compare scores with friends on all Sporcle quizzes.
Join for Free
OR
Log In

You Might Also Like...

Show Comments

Extras

Created Feb 14, 2015ReportNominate
Tags:lithuanian, study, Study Guide

Top Quizzes Today


Score Distribution

Your Account Isn't Verified!

In order to create a playlist on Sporcle, you need to verify the email address you used during registration. Go to your Sporcle Settings to finish the process.

Report this User

Report this user for behavior that violates our Community Guidelines.

Details: